| 000 | 01703nam a2200445 a 4500 | ||
|---|---|---|---|
| 001 | 21524 | ||
| 003 | VRT | ||
| 005 | 20260303150948.0 | ||
| 008 | 160208s1997 xo aba r yy 0 slo | ||
| 015 | _aSNBA1997/0802403 | ||
| 020 | _a8080460620 | ||
| 035 | _aSNK000237307 | ||
| 035 | _aurn:nbn:sk:snk-amkga7 | ||
| 035 | _aurn:nbn:sk:snk-am003w1v | ||
| 035 | _a68C49E3F-F5E0-4EAD-9FDF-7760F66FACD5 | ||
| 039 | 9 |
_a202112141331 _bAUTHORITY _c202112141326 _dAUTHORITY _c201602081608 _dVLOAD _c201503091121 _dVLOAD |
|
| 040 |
_aSNK _bslo _cSNK _eAACR2 |
||
| 041 | 0 | _aslo | |
| 044 |
_axo _cSK |
||
| 080 |
_a908.437.6(087.5) _21981 |
||
| 245 | 0 | 0 |
_aSlovensko moje _c[spracoval kolektív autorov pod vedením Oľgy Drobnej] ; [ilustroval Miroslav Regitko a Štefan Šilhan] |
| 250 | _a2. vyd. | ||
| 260 |
_aBratislava _bPerfekt _aWauconda _bBolchazy-Carducci Publishers _c1997 |
||
| 300 |
_a53 s. _bfareb. ilustr., fotogr. _c25 cm |
||
| 500 | _aIlustr. na tit. strane a front., mp. na predsádkach | ||
| 500 | _aÚdaj o sprac. a ilustr. prevzatý z rubu tit. strany | ||
| 504 | _aBibliogr. | ||
| 655 | 7 |
_apríručky _2SNK |
|
| 700 | 1 |
_aDrobná, Oľga _4com |
|
| 700 | 1 |
_aŠilhan, Štefan _4ill |
|
| 700 | 1 |
_aRegitko, Miroslav, _d1965- _4ill |
|
| 911 |
_aKN 1997/08 _b02403 |
||
| 942 |
_2ddc _cOLDE _n0 |
||
| 949 |
_9P60, <09>, [BOOK], {629} _asnkC 1103 _bsnk2081/970514 |
||
| 949 |
_617A0063259 _9P60, <04>, [BOOK], {604} _asnkSC 93049 D1 _bsnkKSP 4748/97 |
||
| 949 |
_617A0063258 _9P60, <03>, [BOOK], {603} _asnkSC 93049 _bsnkKSP 4747/97 _s6100:20140925 |
||
| 949 |
_63830001031611 _akurukV1.3/15 |
||
| 949 |
_6273K0109797 _asvkpoC 32304 _bsvkpo423321 |
||
| 999 |
_c21524 _d21524 |
||